[Event "Le Touquet op 20th"]
[Site "Le Touquet"]
[Date "2005.10.27"]
[Round "7"]
[White "Perusseau, Clement"]
[Black "Dehesdin, Wilfried"]
[Result "0-1"]
[WhiteElo "2000"]
[BlackElo "2117"]
[PlyCount "40"]
[EventDate "2005.10.23"]
[EventType "swiss"]
[EventRounds "9"]
[EventCountry "FRA"]
[SourceTitle "EXT 2006"]
[Source "ChessBase"]
[SourceDate "2005.11.24"]
[SourceVersion "1"]
[SourceVersionDate "2005.11.24"]
[SourceQuality "1"]

1. e4 d5 2. exd5 Nf6 3. c4 e6 4. dxe6 Bxe6 5. Nf3 Qe7 6. Qe2 Nc6 7. d4 0-0-0 8. Be3 Bf5 9. a3 Ng4 10. Bg5 Qd7 11. Bxd8 Bb4+ 12. axb4 Re8 13. Ne5 Ncxe5 14. Kd1 Qxd4+ 15. Qd2 Nxf2+ 16. Kc1 Ned3+ 17. Bxd3 Nxd3+ 18. Kd1 Nxb2+ 19. Kc1 Nd3+ 20. Kd1 Qxa1 0-1

[Event "FRA-chT U20 0203"]
[Site "Clichy"]
[Date "2003.01.05"]
[Round "7.6"]
[White "Jardine, Ludovic"]
[Black "Perusseau, Clement"]
[Result "1/2-1/2"]
[WhiteElo "1410"]
[BlackElo "1400"]
[PlyCount "112"]
[EventDate "2002.12.??"]
[EventType "team"]
[EventRounds "11"]
[EventCountry "FRA"]
[SourceTitle "EXT 2004"]
[Source "ChessBase"]
[SourceDate "2003.11.25"]
[SourceVersion "1"]
[SourceVersionDate "2003.11.25"]
[SourceQuality "1"]
[WhiteTeam "Vandoeuvre"]
[BlackTeam "Neuilly"]
[WhiteTeamCountry "FRA"]
[BlackTeamCountry "FRA"]

1. e4 e5 2. Nf3 Nc6 3. Bc4 Bc5 4. Nc3 d6 5. d3 Nf6 6. Bg5 Bg4 7. h3 Bxf3 8. Qxf3 Nd4 9. Qd1 h6 10. Be3 c6 11. Bb3 a5 12. Na4 Bb6 13. Nxb6 Qxb6 14. c3 a4 15. Bc2 Nxc2+ 16. Qxc2 Qd8 17. d4 exd4 18. cxd4 0-0 19. g4 d5 20. e5 Ne4 21. h4 Re8 22. f3 Nd6 23. 0-0-0 Nc4 24. Bf2 Qb6 25. h5 Ra5 26. b3 axb3 27. Qxb3 Rb5 28. Qa4 Nb2 29. Qc2 Nxd1 30. Rxd1 Ra8 31. Rd3 Ra4 32. Qxa4 Rb1+ 33. Kd2 Rb2+ 34. Ke3 Qd8 35. f4 Qd7 36. Kf3 f5 37. g5 hxg5 38. Qa3 g4+ 39. Kg3 Rxf2 40. Kxf2 Qf7 41. e6 Qxh5 42. Qa8+ Kh7 43. e7 g3+ 44. Rxg3 Qh2+ 45. Kf3 Qh1+ 46. Kf2 Qh2+ 47. Rg2 Qh4+ 48. Kf1 Qxf4+ 49. Ke1 Qe4+ 50. Kf1 Qf4+ 51. Ke1 Qe4+ 52. Re2 Qh4+ 53. Kd2 Qf4+ 54. Kc3 Qc1+ 55. Kb3 Qc4+ 56. Kb2 Qxe2+ 1/2-1/2

[Event "FRA-chT U20 0203"]
[Site "Clichy"]
[Date "2002.12.01"]
[Round "2.6"]
[White "Lebreton, Flavien"]
[Black "Perusseau, Clement"]
[Result "1-0"]
[WhiteElo "1440"]
[BlackElo "1400"]
[PlyCount "65"]
[EventDate "2002.12.??"]
[EventType "team"]
[EventRounds "11"]
[EventCountry "FRA"]
[SourceTitle "EXT 2004"]
[Source "ChessBase"]
[SourceDate "2003.11.25"]
[SourceVersion "1"]
[SourceVersionDate "2003.11.25"]
[SourceQuality "1"]
[WhiteTeam "Sautron"]
[BlackTeam "Neuilly"]
[WhiteTeamCountry "FRA"]
[BlackTeamCountry "FRA"]

1. d4 d5 2. Nf3 Nf6 3. c4 e6 4. Nc3 Bb4 5. Qa4+ Nc6 6. Ne5 Bxc3+ 7. bxc3 Bd7 8. Nxd7 Qxd7 9. cxd5 exd5 10. Bf4 a6 11. Rb1 b5 12. Rxb5 Ne4 13. Rb3 0-0 14. e3 Rab8 15. Bd3 Rxb3 16. Qxb3 Rb8 17. Qc2 Qf5 18. f3 Ne7 19. fxe4 dxe4 20. Bxe4 Qe6 21. Bxh7+ Kf8 22. Bd3 Nd5 23. Bc4 Nxe3 24. Bxe6 Nxc2+ 25. Kd2 fxe6 26. Kxc2 Rc8 27. Rf1 Ke7 28. Bg5+ Kd7 29. Rf7+ Kc6 30. Rxg7 Rh8 31. Bf4 a5 32. Rxc7+ Kd5 33. Kd3 1-0